000 00259nam a22001217a 4500
008 170503b xxu||||| |||| 00| 0 eng d
041 _aeng
080 _a34
100 _a13
101 _aSHJ
245 _aTHE SRUDY OF LAW
_cCURRIER.K.A
942 _2udc
_cBK
999 _c12567
_d12567